MARC

LEADER 00000nam0a2200000 4500
001 677726
005 20241220112622.0
010 |a 0-471-01367-6 
090 |a 677726 
100 |a 20241220d1977 k||y0rusy50 ba 
101 0 |a eng 
102 |a GB 
105 |a a z 001yy 
181 0 |a i   |b  e  
182 0 |a n 
183 0 |a nc  |2 RDAcarrier 
200 1 |a Analysis and Design of Analog Integrated Circuits  |f Paul R. Gray, Robert G. Meyer 
203 |a Текст  |b визуальный  |c непосредственный 
210 |a  New York  |c Wiley & sons  |d 1977 
215 |a XIV, 683 p.  |c il. 
283 |a volume  |2 RDAcarrier 
320 |a Bibliography at the end of chapters 
606 1 |a Интегральные схемы  |9 39495 
610 1 |a полупроводниковые технологии 
610 1 |a аналоговые интегральные схемы 
610 1 |a аналоговое проектирование 
610 1 |a биполярные транзисторы 
610 1 |a усилители 
610 1 |a схемотехника 
610 1 |a схемы 
675 |a 621.382.049.77  |v 4 
700 1 |a Gray  |b P. R.  |g Paul R. 
701 1 |a Meyer  |b R. G.  |g Robert G. 
801 0 |a RU  |b 63413507  |c 20241220 
830 |a Ретро2024Каталогизация Кузнецова 
850 |a 63413507 
942 |c BK